Manual del exámen clínico para el diagnóstico neurológico (Record no. 134126)

MARC details
000 -LEADER
campo de control de longitud fija 00984nam a2200241 i 4500
001 - NÚMERO DE CONTROL
campo de control 134126
003 - IDENTIFICADOR DE NÚMERO DE CONTROL
campo de control ES-MaACL
005 - FECHA Y HORA DE LA ÚLTIMA TRANSACCIÓN
campo de control 20230907193629.0
007 - CAMPO FIJO DE DESCRIPCIÓN FÍSICA--INFORMACIÓN GENERAL
campo de control de longitud fija t|
008 - DATOS DE LONGITUD FIJA--INFORMACIÓN GENERAL
campo de control de longitud fija 070905s1957 sp ||||1| spa d
080 ## - NÚMERO DE LA CLASIFICACIÓN DECIMAL UNIVERSAL
Número de la Clasificación Decimal Universal 616.8-07
100 1# - ENTRADA PRINCIPAL--NOMBRE DE PERSONA
Nombre de persona Wartenberg, Robert.
9 (RLIN) 116137
245 10 - MENCIÓN DEL TÍTULO
Título Manual del exámen clínico para el diagnóstico neurológico
Resto del título : para el neurólogo y médico práctico /
Mención de responsabilidad, etc. por Robert Warterberg... ; prologos de Sir Gordon Holmes... y de Stanley Truman... ; traducción Dres. Luis Barraquer Ferré y Emilio Castañer Vendrell.
260 ## - PUBLICACIÓN, DISTRIBUCIÓN, ETC.
Lugar de publicación, distribución, etc. Barcelona :
Nombre del editor, distribuidor, etc. Modesto Usón,
Fecha de publicación, distribución, etc. [1957]
300 ## - DESCRIPCIÓN FÍSICA
Extensión 248 p. :
Otras características físicas il. ;
Dimensiones 22 cm.
650 14 - PUNTO DE ACCESO ADICIONAL DE MATERIA--TÉRMINO DE MATERIA
Término de materia o nombre geográfico como elemento de entrada Sistema nervioso-
Subdivisión general Diagnóstico de enfermedades.
9 (RLIN) 17134
700 1# - ENTRADA AGREGADA--NOMBRE PERSONAL
Nombre de persona Truman, Stanley.
9 (RLIN) 111590
700 1# - ENTRADA AGREGADA--NOMBRE PERSONAL
Nombre de persona Holmes, Gordon.
9 (RLIN) 64055
700 1# - ENTRADA AGREGADA--NOMBRE PERSONAL
Nombre de persona Barraquer Ferré, Luis,
Fechas asociadas al nombre 1887-1959
9 (RLIN) 25856
700 1# - ENTRADA AGREGADA--NOMBRE PERSONAL
Nombre de persona Castañer Vendrell, Emilio.
9 (RLIN) 36420
852 ## - LOCALIZACIÓN
Ubicación ES-MaACL
Número de control de estantería C-14363
Sublocalización o colección R.42269
Holdings
Estatus retirado Estado de pérdida Estado de daño No para préstamo Biblioteca de origen Biblioteca actual Ubicación en estantería Fecha de adquisición Fuente de adquisición Total de préstamos Signatura topográfica completa Código de barras Visto por última vez Precio de reemplazo Tipo de ítem Koha
        Biblioteca del Ateneo de Madrid Biblioteca del Ateneo de Madrid Sala Palomar 17/01/2008     C-14363 1139618 23/02/2023 23/02/2023 Libro impreso